000 01156cam a2200301 a 4500
999 _c10074
_d10074
001 13612635
003 GBCCL
005 20241126110724.0
008 040603s2004 tnu b 001 0 eng d
010 _a 2004299943
020 _a0805427864
035 _a(OCoLC)ocm54475716
040 _aTNE
_cTNE
_dDLC
042 _alccopycat
050 0 0 _aBV4396
_b.P38 2004
082 0 0 _a253.22
_222
_bPAT
100 1 _aPatterson, Dorothy Kelley,
_d1943-
_914195
245 1 2 _aA handbook for parents in ministry :
_btraining up a child while answering the call /
_cDorothy Kelley Patterson and Armour Patterson.
246 1 8 _aParents in ministry
260 _aNashville, Tenn. :
_bBroadman & Holman Publishers,
_cc2004.
300 _axiii, 242 p. ;
_c22 cm.
504 _aIncludes bibliographical references (p. 236-237) and index.
650 0 _aFamilies of clergy.
_917485
700 1 _aPatterson, Armour,
_d1968-
_917486
906 _a7
_bcbc
_ccopycat
_d2
_encip
_f20
_gy-gencatlg
942 _2ddc
_cBK